|
|
|
|
| LEADER |
01189nam a2200217 u 4500 |
| 001 |
10083058 |
| 003 |
GR-PaULI |
| 005 |
20210831140023.0 |
| 008 |
100115s2003 gr gre |
| 952 |
|
|
|0 0
|1 0
|2 ddc
|4 0
|6 Π_ΜΣΧ_949_522000000000000_ΘΕΟ
|7 0
|9 327897
|a LISP
|b LISP
|c REF
|d 2021-08-31
|e ΔΙΑ
|i 087666
|l 0
|o Π/ΜΣΧ 949.522 ΘΕΟ
|p 025000151990
|r 2021-08-31 00:00:00
|t 1
|w 2021-08-31
|y BKN
|x Δωρεά Γιάννη Ε. Διακογιάννη
|
| 999 |
|
|
|c 183806
|d 183806
|
| 020 |
|
|
|a 9608795400
|
| 040 |
|
|
|a GR-PaULI
|c GR-PaULI
|b gre
|e AACR2
|
| 082 |
0 |
4 |
|a 949.522
|2 23
|
| 100 |
1 |
|
|9 187196
|a Θεοφιλοπούλου, Δώρα Δημ.,
|d 1938-
|e συγγραφέας.
|
| 245 |
1 |
3 |
|a Το χρονικό μιας εποχής με τα μάτια μιας επαρχιακής εφημερίδος :
|b ντοκουμέντα της περιόδου 1945-2003 /
|c Δώρα Δημ. Θεοφιλοπούλου.
|
| 260 |
|
|
|a Αθήνα :
|b Eφημερίδα "Εθνικός Φρουρός Λακωνίας",
|c 2003.
|
| 300 |
|
|
|a 214 σ. :
|b εικ. ;
|c 33 εκ.
|
| 651 |
|
4 |
|9 187197
|a Λακωνία (Νομός)
|x Ιστορία
|x Πηγές.
|
| 942 |
|
|
|2 ddc
|c BKN
|
| 998 |
|
|
|c ΜΠΟΥΡΑΣ
|d 2021-08
|